| 000 | 00490nam a2200193 a 4500 | ||
|---|---|---|---|
| 005 | 20230602063643.0 | ||
| 008 | 991125s1978 mx 000 0 spa u | ||
| 020 | _a9684112165 | ||
| 035 | _aUPN01000001368 | ||
| 049 | _aCG | ||
| 050 | 4 |
_aPQ7297 R24 _bA5 |
|
| 100 | 1 |
_aRamos, Agustín, _d1952- _932560 |
|
| 245 | 1 | 0 |
_aAl cielo por asalto / _cAgustín Ramos. |
| 260 |
_aMéxico : _bEra, _c1978. |
||
| 300 | _a173 p. | ||
| 440 | 0 | _aClaves | |
| 650 | 4 |
_aNovela mexicana _94557 |
|
| 905 | _aLibro | ||
| 999 |
_c1368 _d1368 |
||